000 01879nam a2200289 a 4500
001 000004963
003 DO-SdBNP
005 20221003091502.0
008 090728t2002 dr 000 0 spa d
020 _z9993450022
040 _aDO-SdBNP
_bspa
_cBPMSU
082 4 _a355.332
_bS684c 2022
_222
245 0 0 _aSoldados y ciudadanos en el Caribe /
_ceditora Lilian Bobea.
260 _aSanto Domingo :
_bFLACSO,
_c2002.
300 _ax, 351 p. ;
_c23 cm.
500 _aIncluye referencias biográficas y notas al pie de las páginas
504 _aBibliográficas 115-119
505 0 _aPrefacio --
_gIntroducción: Control civil democrático de las fuerzas de seguridad del Caribe /
_rLilian Bobea --
_tRecomposición de las fuerzas de seguridad en el Caribe y su impacto en las relaciones cívico-militares /
_rLilian Bobea --
_tLos militares y la política en República Dominicana: de la muerte de Trujillo al fin del siglo XX /
_rWilfredo Lozano --
_tThe military of Guyana /
_rDión E. Phillips --
_tThe military in Guyana: Political and institutional adaptations /
_rIvelaw Griffith --
_tFuerzas armadas y política revolucionaria: el caso de Cuba de 1959 a los años 90 /
_tVíctor Afanasiev --
_tFuerzas Armadas y política revolucionaria de Cuba /
_rJorge Domínguez --
_tBusiness and corruption: framing the haitian military question /
_rMichel Laguerre --
_tLa reforma policial en Haití: un triunfo sobre la historia /
_rRachel Neild --
_tVieques y la política puertorriqueña /
_tJorge Rodríguez Beruff --
_tConclusiones /
_rLilian Bobea --
_gNotas biográficas.
590 _aInventariado, 2022/VM
650 4 _aSoldados
_zCaribe (Región)
650 4 _aMilitares
_zCaribe (Región)
651 4 _aCaribe (Región)
_xFuerzas Armadas
700 1 _aBobea, Lilian,
_eed.
710 2 _aFacultad Latinoamericana de Ciencias Sociales
910 _aVMateo V./Validado.
942 _2ddc
_cBK
999 _c14289
_d14289